Entrepreurship and new Enterprise Management (Record no. 418217)

MARC details
000 -LEADER
fixed length control field 00333nam a2200145Ia 4500
008 - FIXED-LENGTH DATA ELEMENTS--GENERAL INFORMATION
fixed length control field 230605s2000 xx 000 0 und d
041 ## - LANGUAGE CODE
Language code of text/sound track or separate title eng
245 ## - TITLE STATEMENT
Title Entrepreurship and new Enterprise Management
260 ## - PUBLICATION, DISTRIBUTION, ETC.
Name of publisher, distributor, etc. Zerox Copy
Date of publication, distribution, etc. 2000
300 ## - PHYSICAL DESCRIPTION
Extent 75
365 ## - TRADE PRICE
Price amount 36.96
500 ## - GENERAL NOTE
General note 84
520 ## - SUMMARY, ETC.
Summary, etc. General
650 ## - SUBJECT ADDED ENTRY--TOPICAL TERM
Topical term or geographic name entry element ENTERP.

No items available.